[Event "Platense-ch"]
[Site "La Plata"]
[Date "2018.01.13"]
[Round "8"]
[White "Rodriguez, Lucia"]
[Black "Yalet, Nestor Antonio"]
[Result "0-1"]
[WhiteElo "1633"]
[BlackElo "1583"]
[PlyCount "100"]
[EventDate "2018.01.03"]
[EventType "swiss"]
[EventRounds "9"]
[EventCountry "ARG"]
[SourceTitle "EXT 2019"]
[Source "ChessBase"]
[SourceDate "2018.10.10"]
[SourceVersion "1"]
[SourceVersionDate "2018.10.10"]
[SourceQuality "1"]

1. d4 d5 2. Nf3 Nf6 3. g3 Nbd7 4. Bg2 c6 5. 0-0 e6 6. c4 Be7 7. Qc2 0-0 8. Nbd2 Re8 9. e4 dxe4 10. Nxe4 Nxe4 11. Qxe4 Nf6 12. Qc2 h6 13. Be3 Qc7 14. Rfd1 Bd7 15. Ne5 Bd6 16. f4 Rad8 17. Rac1 b6 18. a3 c5 19. Qf2 Bxe5 20. fxe5 Ng4 21. Qe2 Nxe3 22. Qxe3 cxd4 23. Rxd4 Bc6 24. Rg4 Kh8 25. Bxc6 Qxc6 26. b4 Qd7 27. Qf3 Qd2 28. Rf1 Rf8 29. Rf4 Rd3 30. Qb7 Qe3+ 31. Kh1 Qe2 32. Qe7 Kg8 33. Qxa7 Rd2 34. R4f2 Qxc4 35. Qxb6 Qe4+ 36. Kg1 Rxf2 37. Qxf2 Qxe5 38. a4 f6 39. Qa7 Rf7 40. Qb6 Rd7 41. a5 Rd4 42. Qb7 Qe3+ 43. Kh1 Rd5 44. Qc8+ Kh7 45. Qc2+ Kg8 46. a6 Rd2 47. Qc6 Qe2 48. Rf2 Qxf2 49. Qxe6+ Kh7 50. Qe4+ f5 0-1

[Event "Platense-ch"]
[Site "La Plata"]
[Date "2018.01.03"]
[Round "1"]
[White "Rodriguez, Lucia"]
[Black "Vaquero, Diego Javier"]
[Result "0-1"]
[WhiteElo "1633"]
[BlackElo "1998"]
[PlyCount "48"]
[EventDate "2018.01.03"]
[EventType "swiss"]
[EventRounds "9"]
[EventCountry "ARG"]
[SourceTitle "EXT 2019"]
[Source "ChessBase"]
[SourceDate "2018.10.10"]
[SourceVersion "1"]
[SourceVersionDate "2018.10.10"]
[SourceQuality "1"]

1. d4 Nf6 2. Nf3 g6 3. g3 Bg7 4. Bg2 0-0 5. c4 d6 6. 0-0 Nc6 7. Nc3 Re8 8. e4 e5 9. dxe5 Nxe5 10. Nxe5 Rxe5 11. Nd5 Nxe4 12. Bf4 Re8 13. Qc2 Nc5 14. Rad1 Bf5 15. Qd2 Be4 16. Rfe1 Qd7 17. Nxc7 Qxc7 18. Bxd6 Qc6 19. Bxc5 Bxg2 20. Rxe8+ Rxe8 21. Qd6 Bxb2 22. Qxc6 Bxc6 23. Bxa7 Ra8 24. Rb1 Bf6 0-1